Follow That Line: The Brady Bunch Quiz Stats

Quiz not verified by Sporcle

Challenge
Share
Tweet
Embed
Score 0/21 Timer 06:00
0 Plays Today
% Correct
Marcia, Marcia, Marcia!
93.5%
Tomorrow's graduation and I got orange hair!
93.5%
He's better than a doctor. He's Santa Claus.
93.3%
She always says don’t play ball in the house.
93%
But I think the saddest part of all is when Jan said 'Who goes there' before Peter said 'Hark'.
92.5%
Not kid-to-man man-to-man, but man-to-man, man-to-man.
91.5%
Listen, the only steps in this house are those, the ones that lead up to your bedroom.
91.5%
From tiny bud to blossom, I do good deeds for you.
91.3%
Jan, if boys don't find you attractive, don't blame it on me.
91.2%
My knees didn't get anywhere near Davy Jones.
91%
A girl, dummy!
90.8%
% Correct
Well, honey, I don’t think we’re letting him get away with anything cause exact words are pretty hard to live by.
90.7%
I just tell it like it is.
90.5%
Housekeeper, same thing.
89.2%
I'm looking forward to the intellectual stimulation.
88.5%
Right, the whole blooming Brady bunch.
88.2%
I think your mom has a problem about discussing sex.
86.3%
Togetherness.
85.8%
Well, I'm not worried. I'll be the one.
85.3%
Adios, Johnny Bravo.
84.2%
Maybe even a dog.
83.6%

You're not logged in!

Compare scores with friends on all Sporcle quizzes.
Join for Free
OR
Log In

You Might Also Like...

Show Comments

Extras

Top Quizzes Today


Score Distribution

Your Account Isn't Verified!

In order to create a playlist on Sporcle, you need to verify the email address you used during registration. Go to your Sporcle Settings to finish the process.

Report this User

Report this user for behavior that violates our Community Guidelines.

Details: